| 000 | 00447nam a22001697a 4500 | ||
|---|---|---|---|
| 999 |
_c2011 _d2011 |
||
| 003 | URS | ||
| 005 | 20220114141941.0 | ||
| 008 | 190429s2011 ph |||| |||| 00| 0 eng d | ||
| 020 | _a9789715382373 | ||
| 040 |
_cURS _beng _drda |
||
| 050 | 1 | 4 |
_aDS 675.8 _b.J831 2011 |
| 245 | 0 | 0 | _aJose rizal: prose |
| 264 |
_aManila: _bNational Historical Commission of the Philippines _c[2011] |
||
| 300 |
_av, 180 page; _c22 cm. |
||
| 650 | _aRizal | ||
| 942 |
_2lcc _cF |
||